Catálogo público

Normal view MARC view

Entry Nombre personal

Number of records used in: 3

001 - NÚMERO DE CONTROL

  • campo de control: 29357

003 - IDENTIFICADOR DEL NÚMERO DE CONTROL

  • campo de control: OSt

005 - FECHA Y HORA DE LA ÚLTIMA TRANSACCIÓN

  • campo de control: 20220620114756.0

008 - DATOS DE LONGITUD FIJA

  • campo de control de longitud fija: 120910|| aznnnabb| un and |u

040 ## - FUENTE DE LA CATALOGACIÓN

  • Centro catalogador/agencia de origen: mxchpua
  • Centro/agencia transcriptor: CHAP

100 1# - ENCABEZAMIENTO-NOMBRE DE PERSONA

  • Nombre de persona: Cruz de la Cruz, Leidy Laura

374 ## - OCUPACIÓN

  • Ocupación: Estudiante del DIA

375 ## - GÉNERO/SEXO

  • Género/Sexo: Femenino